书目信息 |
| 题名: |
素质教育在美国
|
|
| 作者: | 黄全愈 著 | |
| 分册: | 8 我们是怎样把孩子教傻的 | |
| 出版信息: | 武汉 长江文艺出版社 2017 |
|
| 页数: | 17,10,238页 | |
| 开本: | 23cm | |
| 丛书名: | 大教育书系 | |
| 单 册: | ||
| 中图分类: | G639.712 , G40-012 | |
| 科图分类: | ||
| 主题词: | 基础教育--研究--美国 , 教育学 | |
| 电子资源: | ||
| ISBN: | 978-7-5354-9637-9 | |
| 000 | 01206oam2 2200289 450 | |
| 001 | 5695 | |
| 005 | 20180530160612.87 | |
| 010 | @a978-7-5354-9637-9@dCNY32.00 | |
| 100 | @a20170802d2017 em y0chiy50 ea | |
| 101 | 0 | @achi |
| 102 | @aCN@b420000 | |
| 105 | @ay z 000yy | |
| 200 | 1 | @a素质教育在美国@Asu zhi jiao yu zai mei guo@9wo men shi zen yang ba hai zi jiao sha de@h8@i我们是怎样把孩子教傻的@f(美)黄全愈著 |
| 210 | @a武汉@c长江文艺出版社@d2017 | |
| 215 | @a17,10,238页@d23cm | |
| 225 | 1 | @a大教育书系@i素质教育在美国@v8 |
| 330 | @a本书收录了作者近年来关于中国基础教育问题的一些观点、访谈和文章,不仅有理论研究,也有对实例的分析和探讨,集中展示了作者“要建立创新型国家,要实现教育现代化,必须从基础教育开始”的核心思想。我们从中可以了解到一个旅美教育学家对祖国基础教育的思考及关注,体会到作者的爱之深,故而责之切。 | |
| 461 | 0 | @12001 @a大教育书系 |
| 462 | 0 | @12001 @a素质教育在美国 |
| 517 | 1 | @a我们是怎样把孩子教傻的@Awo men shi zen yang ba hai zi jiao sha de |
| 606 | 0 | @a基础教育@x研究@y美国 |
| 606 | 0 | @a教育学 |
| 690 | @aG639.712@v5 | |
| 690 | @aG40-012@v4 | |
| 701 | 0 | @c(美)@a黄全愈@9huang quan yu@4著 |
| 801 | 0 | @aCN@b91MARC@c20170802 |
| 905 | @aMuseLib@dG40-012@e847:8 | |
| 素质教育在美国.8.我们是怎样把孩子教傻的/(美)黄全愈著.-武汉:长江文艺出版社,2017 |
| 17,10,238页;23cm.-(大教育书系.素质教育在美国;8) |
| ISBN 978-7-5354-9637-9:CNY32.00 |
| 本书收录了作者近年来关于中国基础教育问题的一些观点、访谈和文章,不仅有理论研究,也有对实例的分析和探讨,集中展示了作者“要建立创新型国家,要实现教育现代化,必须从基础教育开始”的核心思想。我们从中可以了解到一个旅美教育学家对祖国基础教育的思考及关注,体会到作者的爱之深,故而责之切。 |
| ● |
| 相关链接 |
|
|
|
|
正题名:素质教育在美国
索取号:G40-012/847:8
 
预约/预借
| 序号 | 登录号 | 条形码 | 馆藏地/架位号 | 状态 | 备注 |
| 1 | 1114408 | 211144082 | 第一样本阅览室/ [索取号:G40-012/847:8] | 在馆 | |
| 2 | 1114409 | 211144091 | 教育系资料室/ [索取号:G40-012/847:8] | 在馆 | |
| 3 | 1114410 | 211144108 | 教育系资料室/ [索取号:G40-012/847:8] | 在馆 | |
| 4 | 1114411 | 211144117 | 教育系资料室/ [索取号:G40-012/847:8] | 在馆 | |
| 5 | 1114412 | 211144126 | 第四借阅区/ [索取号:G40-012/847:8] | 在馆 | |
| 6 | 1114413 | 211144135 | 第四借阅区/ [索取号:G40-012/847:8] | 在馆 |